Hodnota verzus cena?
Charakteristika ceny. Rozdiel medzi cenou a hodnotou. Cena v účtovníctve. Reálna hodnota. Účtovná hodnota majetku v medzinárodných predpisoch.
Salvato in:
| Autore principale: | |
|---|---|
| Natura: | Capitolo di libro |
| Lingua: | slovacco |
| Soggetti: | |
| Tags: |
Nessun Tag, puoi essere il primo ad aggiungerne!!
|
MARC
| LEADER | 00000naa$a2200000$$$4500 | ||
|---|---|---|---|
| 001 | 0078369 | ||
| 005 | 20240502071912.6 | ||
| 041 | 0 | |a slo | |
| 044 | |a SK | ||
| 245 | 1 | 0 | |a Hodnota verzus cena? |c Anna Harumová |
| 520 | |a Charakteristika ceny. Rozdiel medzi cenou a hodnotou. Cena v účtovníctve. Reálna hodnota. Účtovná hodnota majetku v medzinárodných predpisoch. | ||
| 610 | 2 | 0 | |a ceny |
| 610 | 2 | 0 | |a majetok |
| 610 | 2 | 0 | |a legislatíva |
| 610 | 2 | 0 | |a hodnota |
| 610 | 2 | 0 | |a účtovníctvo |
| 100 | 1 | |a Harumová, Anna, 1955- | |